000 00332nam a2200145Ia 4500
008 191201s2009 xx 000 0 und d
082 _a659.1
_bBAA
100 _aBATRA,Rajeev
245 0 _aAdvertising Management
250 _a6th IMP
260 _aN. delhi
_bpearson
_c2009
300 _a768
650 _aBBA
942 _2ddc
_cBK
_02
999 _c4419
_d4419